000 00757cam a2200193 i 4500
005 20260223103138.0
008 250721s2004 ua gr 000 0 ara d
020 _a9775283264
082 1 4 _a414.1
_bف ي و
100 1 _aفيود، بسيوني عبدالفتاح
_eمؤلف.
245 1 0 _aعلم المعاني :
_bدراسة بلاغية ونقدية لمسائل المعاني /
_cالدكتور بسيوني عبد الفتاح فيود.
250 _aالطبعة الثانية.
264 3 1 _aالقاهرة :
_bمؤسسة المختار للنشر والتوزيع،
_c2004.
300 _a434 صفحة.
650 1 7 _aاللغة العربية.
650 1 7 _aعلم المعاني.
942 _2ddc
_cBK
999 _c93499
_d93499